000 01668cam a2200349 i 4500
001 12365496
003 EG-ScBUE
005 20250701095339.0
008 010402s2002 enka f b 001 0 eng d
020 _a9780521025898
020 _a0521025893
040 _aDLC
_beng
_erda
_cDLC
_dDLC
_dEG-ScBUE
082 0 4 _a539.7213
_222
_bSHI
100 1 _aShirane, G.,
_eauthor.
_94034
245 1 0 _aNeutron scattering with a triple-axis spectrometer :
_bbasic techniques /
_cGen Shirane, Stephen M. Shapiro, and John M. Tranquada, Brookhawen National Laboratory.
264 1 _aNew York :
_bCambridge University Press,
_c2002.
300 _ax, 273 pages :
_billustrations ;
_c26 cm
336 _2rdacontent
_atext
_btxt
337 _aunmediated
_2rdamedia
_bn
338 _avolume
_bnc
_2rdacarrier
504 _aIncludes bibliographical references and index.
650 7 _aNeutrons
_xScattering.
_2BUEsh
_94035
655 _vReading book
700 1 _aShapiro, S. M.
_q(Stephen M.),
_d1941-
_eauthor.
_94036
700 1 _aTranquada, John M.,
_d1955-
_eauthor.
_94037
856 4 1 _3Sample text
_uhttp://www.loc.gov/catdir/samples/cam033/2001035050.html
856 4 2 _3Publisher description
_uhttp://www.loc.gov/catdir/description/cam021/2001035050.html
856 4 1 _3Table of contents
_uhttp://www.loc.gov/catdir/toc/cam021/2001035050.html
856 4 2 _3Contributor biographical information
_uhttp://www.loc.gov/catdir/enhancements/fy0731/2001035050-b.html
942 _2ddc
_cBB
999 _c11379
_d11379